00606nam a2200205Ia 4500003000400000005001700004008004100021020001900062040000700081041000800088082001700096100002500113245004700138260002000185300000900205650002200214942001300236999001900249952013200268OSt20251128094032.0250729s2005 xx 000 0 und d a978-8125925316 cAL aeng a370.954 AGGD aAggarwal J C9225201 aDevelopment & planning of modern education aNew Delhic2005 a560p aEducation9225202 2ddccBED c236797d236797 00104070aALbALd2025-07-29eSita Book Houseg175.00l0o370.954 AGGDpBED02116r2025-07-29 16:55:07v175.00w2025-07-29yBK